Statistics for Dragon Type Pokémon

Click here to take the quiz!

General Stats

  • This quiz has been taken 10 times
    (9 since last reset)
  • The average score is 37 of 50

Answer Stats

Generation#Answer% Correct
Generation III371Bagon
100%
Generation I148Dragonair
100%
Generation I149Dragonite
100%
Generation I147Dratini
100%
Generation III380Latias
100%
Generation III381Latios
100%
Generation I6*Mega Charizard X
100%
Generation IV484Palkia
100%
Generation III334Altaria
75%
Generation V610Axew
75%
Generation V633Deino
75%
Generation IV483Dialga
75%
Generation VII780Drampa
75%
Generation V621Druddigon
75%
Generation III330Flygon
75%
Generation V611Fraxure
75%
Generation IV487Giratina
75%
Generation VI706Goodra
75%
Generation VI704Goomy
75%
Generation VII799Guzzlord
75%
Generation VII783Hakamo-o
75%
Generation V612Haxorus
75%
Generation V635Hydreigon
75%
Generation VII782Jangmo-o
75%
Generation II230Kingdra
75%
Generation VII784Kommo-o
75%
Generation V646Kyurem
75%
Generation II181*Mega Ampharos
75%
Generation III254*Mega Sceptile
75%
Generation VI714Noibat
75%
Generation VI715Noivern
75%
Generation III384Rayquaza
75%
Generation V643Reshiram
75%
Generation III373Salamence
75%
Generation III372Shelgon
75%
Generation VI705Sliggoo
75%
Generation VI697Tyrantrum
75%
Generation VI696Tyrunt
75%
Generation III329Vibrava
75%
Generation V644Zekrom
75%
Generation V634Zweilous
75%
Generation VI718Zygarde
75%
Generation IV493*Arceus (Draco Plate)
50%
Generation IV444Gabite
50%
Generation IV445Garchomp
50%
Generation IV443Gible
50%
Generation I103*Alolan Exeggutor
25%
Generation VI691Dragalge
25%
Generation VII773*Silvally (Dragon Memory)
25%
Generation VII776Turtonator
25%

Score Distribution

Percentile by Number Answered

Percent of People with Each Score

Your Score History

You have not taken this quiz since the last reset